[Event "BCF-chT4S 1819 (4NCL)"]
[Site "England"]
[Date "2019.05.05"]
[Round "10.64"]
[White "Dunlop, Neil"]
[Black "Hughes, Anthony"]
[Result "1/2-1/2"]
[WhiteElo "1832"]
[BlackElo "1910"]
[PlyCount "36"]
[EventDate "2018.11.17"]
[EventType "team-swiss"]
[EventRounds "11"]
[EventCountry "ENG"]
[SourceTitle "EXT 2021"]
[Source "ChessBase"]
[SourceDate "2020.10.23"]
[SourceVersion "1"]
[SourceVersionDate "2020.10.23"]
[SourceQuality "1"]
[WhiteTeam "Watford"]
[BlackTeam "The Full Ponty"]
[WhiteTeamCountry "ENG"]
[BlackTeamCountry "WLS"]

1. d4 d5 2. c4 e6 3. Nf3 Nf6 4. e3 Be7 5. Nc3 0-0 6. Be2 dxc4 7. Bxc4 c5 8. 0-0 Nc6 9. dxc5 Bxc5 10. a3 a6 11. b4 Bd6 12. h3 Qc7 13. Qb3 b5 14. Be2 Bb7 15. Bb2 Rac8 16. Rfd1 Rfd8 17. Rac1 Qe7 18. Bd3 Bb8 1/2-1/2

[Event "WchT Silent"]
[Site "Opatija"]
[Date "2014.06.25"]
[Round "7.4"]
[White "Klasan, Vladimir"]
[Black "Dunlop, Neil"]
[Result "1-0"]
[WhiteElo "2333"]
[BlackElo "1818"]
[PlyCount "47"]
[EventDate "2014.06.19"]
[EventType "team-swiss"]
[EventRounds "9"]
[EventCountry "CRO"]
[SourceTitle "CBM 161 Extra"]
[Source "ChessBase"]
[SourceDate "2014.08.29"]
[SourceVersion "1"]
[SourceVersionDate "2014.08.29"]
[SourceQuality "1"]
[WhiteTeam "Serbia"]
[BlackTeam "England"]
[WhiteTeamCountry "SRB"]
[BlackTeamCountry "ENG"]

1. e4 d5 2. exd5 Qxd5 3. Nf3 Nf6 4. d4 c6 5. Be2 Bf5 6. 0-0 e6 7. c4 Qd8 8. Nc3 Be7 9. h3 0-0 10. Nh4 Bg6 11. Nxg6 hxg6 12. Bf3 Na6 13. Be3 Nc7 14. Qb3 Qc8 15. Rfd1 Rd8 16. Rac1 Qb8 17. g3 a6 18. Bg2 a5 19. g4 Nh7 20. d5 Ra6 21. dxc6 bxc6 22. Qxb8 Rxb8 23. Rd7 Bd8 24. Rcd1 1-0

[Event "High Wycombe e2e4 Challengers op 03"]
[Site "High Wycombe"]
[Date "2014.03.15"]
[Round "2"]
[White "Sarpotdar, Amogh"]
[Black "Dunlop, Neil"]
[Result "1-0"]
[WhiteElo "1993"]
[BlackElo "1819"]
[PlyCount "115"]
[EventDate "2014.03.14"]
[EventType "swiss"]
[EventRounds "5"]
[EventCountry "ENG"]
[SourceTitle "EXT 2015"]
[Source "ChessBase"]
[SourceDate "2014.11.20"]
[SourceVersion "1"]
[SourceVersionDate "2014.11.20"]
[SourceQuality "1"]

1. Nf3 d5 2. g3 Bg4 3. Bg2 e6 4. d3 Nf6 5. Nbd2 Nc6 6. 0-0 Be7 7. h3 Bxf3 8. Bxf3 Ne5 9. Bg2 c6 10. c3 0-0 11. b4 a5 12. Bb2 Qc7 13. a3 b5 14. Rc1 Ned7 15. Nb3 a4 16. Nd4 Rac8 17. c4 Qb6 18. c5 Qc7 19. e4 Rfe8 20. f4 Nf8 21. e5 N6d7 22. Qe2 Bd8 23. h4 Nb8 24. Bh3 g6 25. Rce1 Qd7 26. Nf3 Rc7 27. Rf2 Qe7 28. g4 Qd7 29. Rg2 Kh8 30. f5 Qc8 31. Qe3 Nfd7 32. Qh6 Rg8 33. fxe6 fxe6 34. Rf1 Nf8 35. Nd4 Rcg7 36. Rgf2 Be7 37. Nf3 Qe8 38. Bc1 Nbd7 39. d4 Rf7 40. Bg5 Bxg5 41. Nxg5 Rxf2 42. Rxf2 Rg7 43. Kh2 Kg8 44. Kg3 Qe7 45. Bf1 Qe8 46. Bd3 Qe7 47. Kh3 Qe8 48. Rg2 Qe7 49. Kg3 Qe8 50. Kf3 Qe7 51. Ke3 Qe8 52. Kd2 Qe7 53. Kc3 Qe8 54. Rh2 Qe7 55. h5 Qe8 56. hxg6 Nxg6 57. Nxh7 Ngf8 58. Nf6+ 1-0

[Event "High Wycombe e2e4 op U2050"]
[Site "High Wycombe"]
[Date "2013.10.11"]
[Round "1"]
[White "Dunlop, Neil"]
[Black "Holton, Jake"]
[Result "1-0"]
[WhiteElo "1837"]
[BlackElo "1439"]
[PlyCount "103"]
[EventDate "2013.10.11"]
[EventType "swiss"]
[EventRounds "5"]
[EventCountry "ENG"]
[SourceTitle "EXT 2015"]
[Source "ChessBase"]
[SourceDate "2014.11.20"]
[SourceVersion "1"]
[SourceVersionDate "2014.11.20"]
[SourceQuality "1"]

1. d4 c6 2. c4 d5 3. e3 Nf6 4. Nc3 g6 5. Bd3 Bg7 6. Nge2 Nbd7 7. 0-0 0-0 8. Qb3 dxc4 9. Bxc4 Nb6 10. Bd3 e5 11. Rd1 Be6 12. Qc2 Nfd5 13. a3 f5 14. dxe5 Bxe5 15. Nf4 Bf7 16. Nfxd5 Nxd5 17. Ne2 Qc7 18. g3 Qb6 19. Rb1 Rad8 20. b4 Rfe8 21. Bd2 Qc7 22. Nc3 Nxc3 23. Bxc3 Bxc3 24. Qxc3 Qe5 25. Qxe5 Rxe5 26. Be2 Rxd1+ 27. Rxd1 Rd5 28. Kf1 Rxd1+ 29. Bxd1 Kg7 30. Ke1 Kf6 31. Kd2 Ke5 32. Kd3 b6 33. f4+ Kd6 34. e4 fxe4+ 35. Kxe4 Bd5+ 36. Kd4 c5+ 37. bxc5+ bxc5+ 38. Kc3 Ke6 39. Kd3 Kf6 40. g4 h6 41. h4 Ke6 42. Ke3 Kf6 43. Bc2 Be6 44. g5+ hxg5 45. fxg5+ Ke5 46. Bxg6 Kd5 47. h5 Kc4 48. h6 Bg8 49. h7 Bxh7 50. Bxh7 Kb3 51. g6 c4 52. g7 1-0

[Event "EU-chT ICCD Silent 21st"]
[Site "Kaunas"]
[Date "2013.06.13"]
[Round "2.4"]
[White "Dunlop, Neil"]
[Black "Kudrashou, Siarhei"]
[Result "0-1"]
[WhiteElo "1830"]
[BlackElo "2060"]
[PlyCount "52"]
[EventDate "2013.06.13"]
[EventType "team-swiss"]
[EventRounds "7"]
[EventCountry "LTU"]
[SourceTitle "EXT 2015"]
[Source "ChessBase"]
[SourceDate "2014.11.20"]
[SourceVersion "1"]
[SourceVersionDate "2014.11.20"]
[SourceQuality "1"]

1. d4 Nf6 2. c4 g6 3. Nc3 Bg7 4. e4 d6 5. Bd3 0-0 6. Nge2 e5 7. d5 Nh5 8. 0-0 Nd7 9. Be3 Nc5 10. Bc2 f5 11. exf5 gxf5 12. f4 Qe8 13. Qd2 b6 14. b4 Ne4 15. Bxe4 fxe4 16. fxe5 Bxe5 17. Rxf8+ Qxf8 18. Rf1 Bxh2+ 19. Kxh2 Qxf1 20. Bd4 Qf5 21. Qh6 Qg6 22. Qd2 Bd7 23. Be3 Rf8 24. Nd1 Bg4 25. Nd4 Bxd1 26. Qxd1 Qg3+ 0-1

[Event "Sunningdale e2e4 op U2050 05"]
[Site "Sunningdale"]
[Date "2013.05.25"]
[Round "2"]
[White "Anilkumar, Anantha P"]
[Black "Dunlop, Neil"]
[Result "1/2-1/2"]
[WhiteElo "1597"]
[BlackElo "1838"]
[PlyCount "57"]
[EventDate "2013.05.24"]
[EventType "swiss"]
[EventRounds "7"]
[EventCountry "ENG"]
[SourceTitle "EXT 2014"]
[Source "ChessBase"]
[SourceDate "2013.11.20"]
[SourceVersion "1"]
[SourceVersionDate "2013.11.20"]
[SourceQuality "1"]

1. e4 d5 2. exd5 Qxd5 3. Nc3 Qd6 4. Nf3 Nf6 5. d4 c6 6. Be2 Bf5 7. 0-0 Nbd7 8. Bg5 e6 9. Qd2 Qc7 10. Bf4 Bd6 11. Bxd6 Qxd6 12. Rac1 0-0 13. Bd3 Bxd3 14. Qxd3 c5 15. Rfd1 cxd4 16. Qxd4 Qb6 17. Qxb6 Nxb6 18. b3 Rfd8 19. Nb5 a6 20. Nd6 Rd7 21. Ne5 Rc7 22. c4 Ne8 23. Nxe8 Rxe8 24. Rd6 Nc8 25. Rd2 f6 26. Nf3 Kf7 27. Rcd1 Ke7 28. Nd4 Kf7 29. Nf3 1/2-1/2

[Event "BCF-chT3 1112 (4NCL)"]
[Site "England"]
[Date "2012.04.01"]
[Round "8.173"]
[White "Lawson, Maurice Elliot"]
[Black "Dunlop, Neil"]
[Result "1/2-1/2"]
[WhiteElo "1875"]
[BlackElo "1833"]
[PlyCount "102"]
[EventDate "2011.11.12"]
[EventType "team-swiss"]
[EventRounds "11"]
[EventCountry "ENG"]
[SourceTitle "EXT 2013"]
[Source "ChessBase"]
[SourceDate "2012.11.22"]
[SourceVersion "1"]
[SourceVersionDate "2012.11.22"]
[SourceQuality "1"]
[WhiteTeam "AMCA Cheetahs"]
[BlackTeam "Bristol III"]
[WhiteTeamCountry "ENG"]
[BlackTeamCountry "ENG"]

1. e4 d5 2. exd5 Qxd5 3. Nc3 Qd6 4. d4 Nf6 5. Bc4 c6 6. Nge2 Bf5 7. Bb3 e6 8. Bf4 Qd8 9. h3 Bd6 10. Bg5 h6 11. Bh4 Nbd7 12. Qd2 Qc7 13. 0-0-0 0-0-0 14. Kb1 g5 15. Bg3 Ne4 16. Nxe4 Bxe4 17. f3 Bxc2+ 18. Qxc2 Bxg3 19. Rd3 Nf6 20. Nxg3 Qxg3 21. Rc1 Qf4 22. Qc5 Kb8 23. g4 Rd7 24. a4 Qd6 25. Qc2 Nd5 26. Bxd5 Qxd5 27. a5 Qxa5 28. Ra3 Qb6 29. Rb3 Qc7 30. Qe4 Rd5 31. Rc4 Ka8 32. Rcb4 b6 33. Ra4 e5 34. dxe5 Rxe5 35. Qd4 c5 36. Qc4 Rd8 37. Rba3 a5 38. Rxa5+ bxa5 39. Qa6+ Qa7 40. Qc6+ Qb7 41. Rxa5+ Kb8 42. Rb5 Qxb5 43. Qxb5+ Kc7 44. Qa6 Rd6 45. Qa7+ Kc6 46. Qxf7 Re1+ 47. Ka2 Kb5 48. Qb7+ Rb6 49. Qd7+ Rc6 50. Qb7+ Rb6 51. Qd7+ Rc6 1/2-1/2

[Event "BCF-chT3S 1112 (4NCL)"]
[Site "England"]
[Date "2011.11.13"]
[Round "2.2"]
[White "Dunlop, Neil"]
[Black "Hope, Gary"]
[Result "0-1"]
[WhiteElo "1824"]
[BlackElo "1933"]
[PlyCount "46"]
[EventDate "2011.11.12"]
[EventType "team-swiss"]
[EventRounds "6"]
[EventCountry "ENG"]
[SourceTitle "EXT 2013"]
[Source "ChessBase"]
[SourceDate "2012.11.22"]
[SourceVersion "1"]
[SourceVersionDate "2012.11.22"]
[SourceQuality "1"]
[WhiteTeam "Bristol III"]
[BlackTeam "Halesowen"]
[WhiteTeamCountry "ENG"]
[BlackTeamCountry "ENG"]

1. d4 Nf6 2. c4 c5 3. d5 b5 4. e3 g6 5. b3 Bg7 6. Bb2 0-0 7. Nf3 d6 8. Be2 Nbd7 9. 0-0 bxc4 10. bxc4 Rb8 11. Qc2 Rxb2 12. Qxb2 Nxd5 13. Qd2 Nxe3 14. fxe3 Bxa1 15. Nc3 Bxc3 16. Qxc3 Nf6 17. Rb1 Qc7 18. h3 Bf5 19. Bd3 Bxd3 20. Qxd3 Rb8 21. Nd2 Rxb1+ 22. Qxb1 Qb6 23. Qc2 Qb4 0-1

[Event "BCF-chT3S 1112 (4NCL)"]
[Site "England"]
[Date "2011.11.12"]
[Round "1.4"]
[White "Valentine, Brian J"]
[Black "Dunlop, Neil"]
[Result "1-0"]
[WhiteElo "1977"]
[BlackElo "1824"]
[PlyCount "35"]
[EventDate "2011.11.12"]
[EventType "team-swiss"]
[EventRounds "6"]
[EventCountry "ENG"]
[SourceTitle "EXT 2013"]
[Source "ChessBase"]
[SourceDate "2012.11.22"]
[SourceVersion "1"]
[SourceVersionDate "2012.11.22"]
[SourceQuality "1"]
[WhiteTeam "FCA Solutions II"]
[BlackTeam "Bristol III"]
[WhiteTeamCountry "ENG"]
[BlackTeamCountry "ENG"]

1. e4 d5 2. exd5 Qxd5 3. Nc3 Qd6 4. d4 Nf6 5. Nf3 c6 6. Ne5 Nbd7 7. Nc4 Qc7 8. Qf3 Nb6 9. Bf4 Qd8 10. Be5 Nxc4 11. Bxc4 e6 12. 0-0 Bd6 13. Rad1 0-0 14. Rfe1 Qe7 15. Bd3 Rd8 16. Re3 Nd5 17. Qh5 g6 18. Qxh7+ 1-0

[Event "Sunningdale e2e4 Major"]
[Site "Sunningdale"]
[Date "2011.09.18"]
[Round "4"]
[White "Keen, Cosima C"]
[Black "Dunlop, Neil"]
[Result "1-0"]
[WhiteElo "1733"]
[BlackElo "1840"]
[PlyCount "41"]
[EventDate "2011.09.16"]
[EventType "swiss"]
[EventRounds "5"]
[EventCountry "ENG"]
[SourceTitle "EXT 2023"]
[Source "ChessBase"]
[SourceDate "2022.10.05"]
[SourceVersion "1"]
[SourceVersionDate "2022.10.05"]
[SourceQuality "1"]

1. e4 d5 2. exd5 Qxd5 3. Nc3 Qd6 4. Bc4 Bf5 5. Qf3 Qe5+ 6. Nge2 c6 7. 0-0 e6 8. d3 Qc7 9. Nd4 Bg6 10. Re1 e5 11. Bf4 Nd7 12. Qg3 f6 13. Ne6 Qd6 14. Be3 Ne7 15. d4 Nd5 16. Nxf8 Kxf8 17. Bxd5 cxd5 18. dxe5 Nxe5 19. Rad1 Bxc2 20. Rxd5 Qb4 21. Bc5+ 1-0

[Event "EU-chT ICSC 20th"]
[Site "Liverpool"]
[Date "2011.06.11"]
[Round "6"]
[White "Dunlop, Neil"]
[Black "Kovalenko, Vladimir N"]
[Result "0-1"]
[WhiteElo "1875"]
[BlackElo "2165"]
[PlyCount "110"]
[EventDate "2011.06.09"]
[EventType "team-tourn"]
[EventRounds "7"]
[EventCountry "ENG"]
[SourceTitle "CBM 142 Extra"]
[Source "ChessBase"]
[SourceDate "2011.06.27"]
[SourceVersion "1"]
[SourceVersionDate "2011.06.27"]
[SourceQuality "1"]
[WhiteTeam "London"]
[BlackTeam "Kiev"]
[WhiteTeamCountry "ENG"]
[BlackTeamCountry "UKR"]

1. e4 c5 2. Nc3 Nc6 3. g3 g6 4. Bg2 Bg7 5. d3 d6 6. Be3 e6 7. Qd2 Nd4 8. Nd1 Bd7 9. c3 Nc6 10. Ne2 e5 11. 0-0 Nge7 12. Bh6 0-0 13. Bxg7 Kxg7 14. Ne3 b5 15. c4 Nd4 16. Rfc1 Nxe2+ 17. Qxe2 Nc6 18. Nc2 Rb8 19. b3 Qa5 20. Qe1 Qxe1+ 21. Nxe1 Nd4 22. Kf1 a5 23. Nc2 Nxc2 24. Rxc2 Rb6 25. Rd2 Ra8 26. Bf3 a4 27. Bd1 b4 28. Rb2 Rba6 29. Rab1 axb3 30. axb3 Ra2 31. f3 Kf6 32. Kf2 Rxb2+ 33. Rxb2 Ra1 34. Rd2 Ke6 35. h4 h6 36. Kg2 f5 37. Kf2 Bc6 38. Ke3 Be8 39. f4 Kf6 40. exf5 gxf5 41. Kf2 Bc6 42. Ke3 Be8 43. Kf2 Bf7 44. Ke3 Be8 45. Kf2 Bd7 46. Ke3 Bc6 47. Kf2 Ra8 48. Bh5 exf4 49. gxf4 Rg8 50. Bf3 Bxf3 51. Kxf3 Rg4 52. Rh2 Rg1 53. Rb2 Rd1 54. Ke3 Rh1 55. d4 Rh3+ 0-1

[Event "EU-chT ICSC 20th"]
[Site "Liverpool"]
[Date "2011.06.10"]
[Round "4"]
[White "Marcinkeviciene, Egle"]
[Black "Dunlop, Neil"]
[Result "1/2-1/2"]
[WhiteElo "1735"]
[BlackElo "1875"]
[PlyCount "34"]
[EventDate "2011.06.09"]
[EventType "team-tourn"]
[EventRounds "7"]
[EventCountry "ENG"]
[SourceTitle "CBM 142 Extra"]
[Source "ChessBase"]
[SourceDate "2011.06.27"]
[SourceVersion "1"]
[SourceVersionDate "2011.06.27"]
[SourceQuality "1"]
[WhiteTeam "Vilnius"]
[BlackTeam "London"]
[WhiteTeamCountry "LTU"]
[BlackTeamCountry "ENG"]

1. d4 Nf6 2. c4 g6 3. Nc3 Bg7 4. e4 d6 5. Be3 0-0 6. f3 e5 7. d5 a5 8. Bd3 Na6 9. a3 Bd7 10. Qd2 Nc5 11. Bc2 Ne8 12. Nge2 f5 13. f4 exf4 14. Bxf4 fxe4 15. 0-0 Nf6 16. Ng3 Rf7 17. Rab1 a4 1/2-1/2

[Event "EU-chT ICSC 20th"]
[Site "Liverpool"]
[Date "2011.06.09"]
[Round "1"]
[White "Frajka, Peter"]
[Black "Dunlop, Neil"]
[Result "1-0"]
[WhiteElo "1810"]
[BlackElo "1875"]
[PlyCount "85"]
[EventDate "2011.06.09"]
[EventType "team-tourn"]
[EventRounds "7"]
[EventCountry "ENG"]
[SourceTitle "CBM 142 Extra"]
[Source "ChessBase"]
[SourceDate "2011.06.27"]
[SourceVersion "1"]
[SourceVersionDate "2011.06.27"]
[SourceQuality "1"]
[WhiteTeam "Praha"]
[BlackTeam "London"]
[WhiteTeamCountry "CZE"]
[BlackTeamCountry "ENG"]

1. d4 Nf6 2. c4 g6 3. Nc3 Bg7 4. e4 d6 5. f3 0-0 6. Bd3 e5 7. d5 a5 8. Bg5 Na6 9. Qd2 Nc5 10. Bc2 Bd7 11. Nge2 Qe7 12. 0-0 Qe8 13. Ng3 h5 14. f4 Nh7 15. f5 Nxg5 16. Qxg5 Kh7 17. Qd2 Bh6 18. Qe2 h4 19. Nh1 g5 20. Nf2 f6 21. Ng4 Qe7 22. Bd1 Be8 23. Qf3 Rh8 24. Qh3 Kg7 25. g3 hxg3 26. Qxg3 Bd7 27. Rf3 Kf7 28. Qg2 Bg7 29. Rh3 Rxh3 30. Qxh3 Rh8 31. Qg3 Qf8 32. a3 a4 33. Nf2 Rh4 34. Ng4 Qb8 35. Rb1 Qa7 36. Qe3 Bf8 37. Kg2 Be7 38. Kg3 Bd8 39. Nf2 c6 40. Ng4 Nxe4+ 41. Qxe4 Qg1+ 42. Qg2 Qe3+ 43. Nxe3 1-0

[Event "BCF-chT3 1011 (4NCL)"]
[Site "England"]
[Date "2011.03.27"]
[Round "8.37"]
[White "Dunlop, Neil"]
[Black "Cook, Michael P"]
[Result "0-1"]
[WhiteElo "1875"]
[BlackElo "2065"]
[PlyCount "78"]
[EventDate "2010.11.06"]
[EventType "team-swiss"]
[EventRounds "9"]
[EventCountry "ENG"]
[SourceTitle "EXT 2012"]
[Source "ChessBase"]
[SourceDate "2011.11.24"]
[SourceVersion "1"]
[SourceVersionDate "2011.11.24"]
[SourceQuality "1"]
[WhiteTeam "Bristol II"]
[BlackTeam "Anglian Avengers II"]
[WhiteTeamCountry "ENG"]
[BlackTeamCountry "ENG"]

1. e4 e5 2. Bc4 Nf6 3. d3 Nc6 4. Nc3 Bb4 5. Nge2 d6 6. 0-0 Be6 7. Nd5 Bxd5 8. exd5 Ne7 9. a3 Bc5 10. Nc3 0-0 11. Qf3 Nd7 12. Be3 f5 13. b4 Bb6 14. Bxb6 axb6 15. Bb3 Kh8 16. Nb5 Nf6 17. c4 c6 18. dxc6 bxc6 19. Nc3 f4 20. Ne4 Nf5 21. Nd2 Nd4 22. Qd1 Ng8 23. Nf3 Nxf3+ 24. Qxf3 Ne7 25. Ra2 Nf5 26. Rfa1 Nd4 27. Qd1 f3 28. g3 Qd7 29. Bc2 Ne2+ 30. Kh1 Nc3 31. Qf1 Nxa2 32. Rxa2 c5 33. b5 d5 34. Ra1 Rad8 35. Rd1 Qf5 36. Bb1 dxc4 37. dxc4 Rxd1 38. Qxd1 Qh3 39. Qg1 Rd8 0-1

[Event "BCF-chT3 1011 (4NCL)"]
[Site "England"]
[Date "2011.02.20"]
[Round "6.34"]
[White "Yates, Christopher"]
[Black "Dunlop, Neil"]
[Result "1/2-1/2"]
[WhiteElo "1882"]
[BlackElo "1923"]
[PlyCount "46"]
[EventDate "2010.11.06"]
[EventType "team-swiss"]
[EventRounds "9"]
[EventCountry "ENG"]
[SourceTitle "EXT 2012"]
[Source "ChessBase"]
[SourceDate "2011.11.24"]
[SourceVersion "1"]
[SourceVersionDate "2011.11.24"]
[SourceQuality "1"]
[WhiteTeam "Sussex Smart Controls"]
[BlackTeam "Bristol II"]
[WhiteTeamCountry "ENG"]
[BlackTeamCountry "ENG"]

1. d4 Nf6 2. c4 g6 3. Nc3 Bg7 4. e4 d6 5. Be2 0-0 6. f4 c5 7. Nf3 cxd4 8. Nxd4 Nc6 9. Be3 Nd7 10. 0-0 Nc5 11. Qd2 Ne6 12. Nxe6 Bxe6 13. Kh1 b6 14. f5 Bc8 15. Bh6 Ne5 16. Bxg7 Kxg7 17. Rad1 f6 18. Nd5 g5 19. h4 h6 20. Ne3 Bb7 21. Qd4 Qd7 22. b3 Nc6 23. Qd2 Ne5 1/2-1/2

[Event "BCF-chT3 1011 (4NCL)"]
[Site "England"]
[Date "2011.02.19"]
[Round "5.34"]
[White "Dunlop, Neil"]
[Black "Jones, William EG"]
[Result "1-0"]
[WhiteElo "1923"]
[BlackElo "2115"]
[PlyCount "73"]
[EventDate "2010.11.06"]
[EventType "team-swiss"]
[EventRounds "9"]
[EventCountry "ENG"]
[SourceTitle "EXT 2012"]
[Source "ChessBase"]
[SourceDate "2011.11.24"]
[SourceVersion "1"]
[SourceVersionDate "2011.11.24"]
[SourceQuality "1"]
[WhiteTeam "Bristol II"]
[BlackTeam "KJCA Kings"]
[WhiteTeamCountry "ENG"]
[BlackTeamCountry "ENG"]

1. e4 c5 2. Nc3 a6 3. a4 Nc6 4. g3 g6 5. Bg2 Bg7 6. d3 d6 7. Nge2 e6 8. Be3 Nd4 9. Qd2 Qa5 10. Bxd4 cxd4 11. Nd1 Qb6 12. c3 dxc3 13. Ndxc3 Ne7 14. 0-0 Qa5 15. Rfc1 0-0 16. Rc2 Nc6 17. Rd1 Qb6 18. Ra1 f5 19. Nd1 Bd7 20. Ne3 fxe4 21. dxe4 Nd4 22. a5 Nxe2+ 23. Qxe2 Qb4 24. Rc4 Qxb2 25. Qxb2 Bxb2 26. Rb1 Bb5 27. Rxb2 Bxc4 28. Nxc4 Rac8 29. Nxd6 Rc1+ 30. Bf1 Ra1 31. Rxb7 Rxa5 32. Bc4 Rf6 33. Ne8 Rf8 34. Bxe6+ Kh8 35. Nd6 Ra1+ 36. Kg2 Rd1 37. Nf7+ 1-0

[Event "Hastings Masters op 86th"]
[Site "Hastings"]
[Date "2010.12.29"]
[Round "2"]
[White "Dunlop, Neil"]
[Black "Torgersen, Markus"]
[Result "1-0"]
[WhiteElo "1923"]
[BlackElo "1741"]
[PlyCount "67"]
[EventDate "2010.12.28"]
[EventType "swiss"]
[EventRounds "9"]
[EventCountry "ENG"]
[SourceTitle "CBM 140 Extra"]
[Source "ChessBase"]
[SourceDate "2011.03.01"]
[SourceVersion "1"]
[SourceVersionDate "2011.03.01"]
[SourceQuality "1"]

1. e4 c6 2. c4 d5 3. exd5 cxd5 4. cxd5 Nf6 5. Nc3 g6 6. Bc4 Nbd7 7. Nge2 Nb6 8. Bb3 Nfxd5 9. d4 Bg7 10. 0-0 0-0 11. Bg5 h6 12. Bh4 g5 13. Bg3 f5 14. h4 f4 15. Bh2 e6 16. hxg5 hxg5 17. Qd3 Kf7 18. g3 Qf6 19. Ne4 Qh6 20. f3 Ne3 21. Rf2 fxg3 22. N2xg3 Nbd5 23. Nd6+ Ke7 24. Nxc8+ Raxc8 25. Re1 Nf4 26. Qxe3 Nh3+ 27. Kf1 Nxf2 28. Qxf2 Qh3+ 29. Kg1 e5 30. dxe5 g4 31. f4 b6 32. Qd2 a5 33. Qd6+ Ke8 34. Rd1 1-0

[Event "BCF-chT3 0910 (4NCL)"]
[Site "England"]
[Date "2010.05.02"]
[Round "10.1"]
[White "Yeo, Gareth"]
[Black "Dunlop, Neil"]
[Result "1-0"]
[WhiteElo "2053"]
[BlackElo "1802"]
[PlyCount "55"]
[EventDate "2009.10.24"]
[EventType "team-tourn"]
[EventRounds "11"]
[EventCountry "ENG"]
[SourceTitle "EXT 2011"]
[Source "ChessBase"]
[SourceDate "2010.11.26"]
[SourceVersion "1"]
[SourceVersionDate "2010.11.26"]
[SourceQuality "1"]
[WhiteTeam "Beauty and the Beasts"]
[BlackTeam "Bristol III"]
[WhiteTeamCountry "ENG"]
[BlackTeamCountry "ENG"]

1. d4 Nf6 2. c4 g6 3. Nc3 Bg7 4. e4 d6 5. Nge2 0-0 6. Ng3 e5 7. d5 c6 8. Be2 Ne8 9. h4 f5 10. Bg5 Bf6 11. Bh6 Bg7 12. Bxg7 Kxg7 13. exf5 gxf5 14. f4 e4 15. Qd4+ Kg8 16. 0-0-0 c5 17. Qe3 Nf6 18. Rdg1 Bd7 19. Nh5 a6 20. Qg3+ Ng4 21. Bxg4 fxg4 22. Nxe4 Bf5 23. Qc3 Rf7 24. Ng5 Re7 25. Nf6+ Kf8 26. Nxg4 Rg7 27. Nh6 Bd7 28. g4 1-0